Nuevas normas contables 1984-1988 (Registro nro. 1692)

Detalles MARC
000 -LEADER
fixed length control field 01455 a2200205 4500
001 - CONTROL NUMBER
control field 28321
005 - DATE AND TIME OF LATEST TRANSACTION
control field 20260407155555.0
008 - FIXED-LENGTH DATA ELEMENTS--GENERAL INFORMATION
fixed length control field 260407a1989 arg spa d
003 - CONTROL NUMBER IDENTIFIER
control field AR-UNSa-BCEJYS
040 ## - CATALOGING SOURCE
Original cataloging agency AR-UNSa-BCEJYS
Language of cataloging spa
Transcribing agency AR-UNSa-BCEJYS
080 ## - UNIVERSAL DECIMAL CLASSIFICATION NUMBER
Universal Decimal Classification number 657
Common auxiliary subdivision Contabilidad
020 ## - INTERNATIONAL STANDARD BOOK NUMBER
International Standard Book Number 950-9109-89-4
100 1# - MAIN ENTRY--PERSONAL NAME
Personal name Fowler Newton, Enrique
245 10 - TITLE STATEMENT
Title Nuevas normas contables 1984-1988
264 #1 - PRODUCTION, PUBLICATION, DISTRIBUTION, MANUFACTURE, AND COPYRIGHT NOTICE
Place of production, publication, distribution, manufacture Rosario :
Name of producer, publisher, distributor, manufacturer Nova Tesis
Date of production, publication, distribution, manufacture, or copyright notice 1989
300 ## - PHYSICAL DESCRIPTION
Extent 366 p.
Dimensions 23 cm.
505 ## - FORMATTED CONTENTS NOTE
Formatted contents note 1. La sanción de normas contables en la argentina - 2. Los principales novedades 1984-1988 - 3. La RT4sobre consolidación de estados contables - 4. La RT5 sobre valuación de inversiones en sociedades controladas y vinculadas - 5. La RT6 sobre ajustes por inflación - 6. La RT8 y 9 sobre exposiciones contables - 7. El informe 13 sobre normas contables profesionales - 8. El proyecto de unificación de la legislación civil y comercial - 9. Proyectos legislativos sobre ajustes por inflación - 10. Normas contables profesionales - 11. Normas de inspección general de justicia - 12. Normas de la comisión nacional de valores - 13. Normas del banco central de la república argentina - 14. Normas de la superintendencia de seguros de la nación - 15. Normas de la secretaria de acción cooperativa - 16. Normas del instituto nacional de acción mutual - 17. Normas del instituto nacional de obras sociales.
590 ## - LOCAL NOTE (RLIN)
Local note niveau_biblio:m niveau_hierar:0
942 ## - ADDED ENTRY ELEMENTS (KOHA)
Koha item type
Existencias
Withdrawn status Lost status Damaged status Not for loan Home library Current library Shelving location Date acquired Total checkouts Full call number Barcode Date last seen Price effective from Koha item type
        Biblioteca Prof. Eusebio Cleto del Rey Biblioteca Prof. Eusebio Cleto del Rey   07/04/2026   657 F785/1989 L53157 07/04/2026 07/04/2026 Libro
        Biblioteca Prof. Eusebio Cleto del Rey Biblioteca Prof. Eusebio Cleto del Rey   07/04/2026   657 F785/1989 L53156 07/04/2026 07/04/2026 Libro